000 00739nam a2200217 a 4500
001 000007252
005 20200929154117.0
008 090907s1982 dr a 000 0 spa d
040 _aDO-SdBNP
_bspa
_cBNPHU
082 _a617.7
_bV768i
100 1 _aVincent Cepeda, Gustavo
_920127
245 1 0 _aIntroducción a la oftalmología /
_cGustavo Vincent Cepeda ; colaborador Gustavo A. Vincent.
260 _aSanto Domingo :
_bLozano,
_c1982.
300 _a209 p. :
_bil. ;
_c22 cm.
504 _aBibliografía : p. 211
590 _aInventariado,2018/DG
650 4 _aOftalmología
_920128
650 4 _aEnfermedades de los ojos
_xDiagnóstico
_920129
700 1 _aVincent, Gustavo A.
_920130
910 _aValidado. Control de calidad. MMOLINA
999 _c7033
_d7033